1254 1643 1123 1366 1361 1277 1351 1233 1062 1313 1042 1491 1816 1444 2000 1830 1432 1194 1474 1564 1883 1267 1835 1298 1859 1677 1418 1074 1206 1346 1598 1459 1647 1585 1213 1957 1990 1329 1723 1721 1237 1484 1565 1890 1075 1977 1411 1703 1089 1179 1437 1397 1359 1250 1353 1664 1368 1247 1706 1705 1373 1455 1118 1843 1446 1509 1158 1309 1634 1599 1530 1578 1411 1832 1963 1900 1219 1120 1512 1545 1986 1840 1961 1661 1708 1581 1523 1135 1986 1051 1505 1284 1304 1061 1368 1774 1660 1497 1763 BCNSPRNW ULIB Ver.6.0+V

เปลี่ยนเป็นภาษาไทย

Change to English
 แสดงรายละเอียดบรรณานุกรม
  กลับหน้าหลัก

Brief Record : Get Marc (ISO 2709) : E-mail record : QR code < ปิดหน้าต่าง
LEADER : 00000nam 2200000uu 4500
001    13399114512
003     ULIB
008    120411s2549||||th 000 0 tha d
020    ^a9749382137
090    ^aนว.^bP967ป 2549
100 0  ^apoison ivy
245 00 ^aโปรแกรมรัก /^cpoison ivy
250    ^aพิมพ์ครั้งที่ 1
260    ^aกรุงเทพฯ :^bปริ้นเซส,^c2549
300    ^a216 หน้า
710 1  ^aปริ้นเซส
945    ^p140^l0^i24875
995    ^aกัณชพร
999    ^aใช้งานได้ทุกระบบ
รายการนี้ยังไม่มีแท็ก
คุณยังไม่ได้ล็อกอิน คุณสามารถมีกิจกรรมร่วมกับเว็บไซต์ได้ แต่ต้องล็อกอินก่อน ::
  ล็อกอิน

รายการสื่อสารสนเทศ

ลำดับที่ ประเภท เลขเรียก/บาร์โค้ด สถานที่ สถานะ
1. นวนิยาย
นวนิยาย
นว. P967ป 2549  
  Barcode: 24875
ห้องสมุดวิทยาเขตสวรรค์ประชารักษ์
►นวนิยาย
บนชั้น
  ขอยืม

BibComment


ยังไม่เคยถูกคอมเมนท์

คอมเมนท์ทรัพยากรรายการนี้
  คอมเมนท์: โปรแกรมรัก pois..


 Copyright 2026. Bcnsprnw @Library